[Event "BUL-chT 56th"]
[Site "Sunny Beach"]
[Date "2006.10.10"]
[Round "6"]
[White "Drenchev, Petar"]
[Black "Kuzmanov, Stojan"]
[Result "1-0"]
[WhiteElo "2425"]
[BlackElo "2219"]
[PlyCount "79"]
[EventDate "2006.10.05"]
[EventType "team-tourn"]
[EventRounds "7"]
[EventCountry "BUL"]
[SourceTitle "CBM 114 Extra"]
[Source "ChessBase"]
[SourceDate "2006.11.03"]
[SourceVersion "1"]
[SourceVersionDate "2006.11.03"]
[SourceQuality "1"]
[WhiteTeam "Plovdiv Lokomotiv"]
[BlackTeam "Sofia Hemus"]
[WhiteTeamCountry "BUL"]
[BlackTeamCountry "BUL"]

1. e4 c6 2. d4 d5 3. Nd2 dxe4 4. Nxe4 Nd7 5. Ng5 Ngf6 6. Bd3 e6 7. N1f3 Bd6 8. Qe2 h6 9. Ne4 Nxe4 10. Qxe4 Nf6 11. Qe2 Qc7 12. Bd2 b6 13. 0-0-0 Bb7 14. Ne5 c5 15. Bb5+ Ke7 16. dxc5 Qxc5 17. a3 Qc7 18. f4 Rhc8 19. Bd3 Bd5 20. Kb1 b5 21. Rhe1 Rab8 22. g4 b4 23. axb4 Bxb4 24. c4 Ba3 25. Bc1 Bxb2 26. Bxb2 Rxb2+ 27. Kxb2 Qa5 28. Ra1 Qb4+ 29. Kc2 Ne4 30. Rec1 Qc3+ 31. Kd1 Qd4 32. cxd5 Nc3+ 33. Rxc3 Rxc3 34. Rb1 Qxd5 35. Qe4 Qd6 36. Qb4 Rc5 37. Ke2 f6 38. Nf3 Kf7 39. Qd4 Qc7 40. Rb7 1-0

[Event "Plovdiv Tringov Memorial"]
[Site "Plovdiv"]
[Date "2004.02.17"]
[Round "3"]
[White "Janev, Evgeni"]
[Black "Kuzmanov, Stojan"]
[Result "1/2-1/2"]
[WhiteElo "2403"]
[BlackElo "2210"]
[PlyCount "57"]
[EventDate "2004.02.16"]
[EventType "swiss"]
[EventRounds "9"]
[EventCountry "BUL"]
[SourceTitle "CBM 098 Extra"]
[Source "ChessBase"]
[SourceDate "2004.03.10"]
[SourceVersion "2"]
[SourceVersionDate "2004.03.10"]
[SourceQuality "1"]

1. e4 e5 2. Nf3 Nf6 3. Nc3 Nc6 4. a3 g6 5. d4 exd4 6. Nxd4 Bg7 7. Nxc6 bxc6 8. Bd3 0-0 9. 0-0 d5 10. h3 Re8 11. exd5 cxd5 12. Ne2 Rb8 13. c3 c5 14. Rb1 Rb6 15. Be3 Qe7 16. b4 d4 17. cxd4 cxb4 18. d5 bxa3 19. Bxb6 axb6 20. Nc3 Qc5 21. Qb3 Bb7 22. Rfc1 Nxd5 23. Nb5 Qe7 24. Qxa3 Qxa3 25. Nxa3 Nf4 26. Bf1 Bxg2 27. Rc4 Bxf1 28. Kxf1 Nxh3 29. Rxb6 1/2-1/2

[Event "BUL-chT"]
[Site "Plovdiv"]
[Date "2003.11.11"]
[Round "9"]
[White "Kuzmanov, Stojan"]
[Black "Rusev, Rosen Yordanov"]
[Result "1-0"]
[WhiteElo "2165"]
[BlackElo "2134"]
[PlyCount "47"]
[EventDate "2003.11.??"]
[EventType "team"]
[EventRounds "9"]
[EventCountry "BUL"]
[SourceTitle "CBM 097 Extra"]
[Source "ChessBase"]
[SourceDate "2004.01.13"]
[SourceVersion "1"]
[SourceVersionDate "2004.01.13"]
[SourceQuality "1"]

1. d4 d5 2. c4 Bf5 3. cxd5 Nf6 4. Nf3 Nxd5 5. Nbd2 Nf6 6. g3 e6 7. Bg2 c6 8. 0-0 Be7 9. Qb3 Qb6 10. Nc4 Qxb3 11. axb3 Nbd7 12. Na5 0-0-0 13. Ng5 Rhf8 14. Bf4 Nd5 15. Rfc1 h6 16. Nxc6 bxc6 17. Rxc6+ Kb7 18. Rc7+ Kb6 19. Rcxa7 hxg5 20. e4 gxf4 21. R1a6+ Kb5 22. Bf1+ Kb4 23. Bc4 N5b6 24. Ra4+ 1-0

[Event "BUL-chT"]
[Site "Plovdiv"]
[Date "2003.11.08"]
[Round "5"]
[White "Mladenov, Plamen"]
[Black "Kuzmanov, Stojan"]
[Result "1/2-1/2"]
[WhiteElo "2183"]
[BlackElo "2165"]
[PlyCount "120"]
[EventDate "2003.11.??"]
[EventType "team"]
[EventRounds "9"]
[EventCountry "BUL"]
[SourceTitle "CBM 097 Extra"]
[Source "ChessBase"]
[SourceDate "2004.01.13"]
[SourceVersion "1"]
[SourceVersionDate "2004.01.13"]
[SourceQuality "1"]

1. e4 e5 2. Nf3 Nc6 3. Bb5 a6 4. Ba4 Nf6 5. 0-0 Be7 6. Re1 b5 7. Bb3 d6 8. c3 0-0 9. h3 Nb8 10. d4 Nbd7 11. Nbd2 Bb7 12. Bc2 Re8 13. Nf1 Bf8 14. Ng3 g6 15. a4 Bg7 16. Nh2 exd4 17. cxd4 c5 18. d5 Nb6 19. Ng4 Nxg4 20. hxg4 Nc4 21. Ra2 Qh4 22. Nf1 Bc8 23. g5 Bd4 24. Qf3 Bg4 25. Qg3 Qxg3 26. Nxg3 b4 27. Ne2 Bg7 28. a5 Rab8 29. b3 Ne5 30. f4 Nd7 31. Bd3 c4 32. Bxc4 Rxe4 33. Bxa6 Nc5 34. Bc4 Rxc4 35. bxc4 b3 36. Rd2 b2 37. Bxb2 Bxb2 38. Kf1 Bf5 39. g4 Bd3 40. Red1 Bxc4 41. Rb1 Na4 42. Ke1 Nc5 43. Rc2 Bxd5 44. a6 Ra8 45. Rd2 Be4 46. Rbxb2 Nd3+ 47. Rxd3 Bxd3 48. Rd2 Bxe2 49. Kxe2 Rxa6 50. Rb2 Ra7 51. Rb8+ Kg7 52. Rd8 Ra6 53. Ke3 h6 54. gxh6+ Kxh6 55. g5+ Kg7 56. Ke4 Ra4+ 57. Ke3 Ra3+ 58. Ke4 Ra4+ 59. Ke3 Ra6 60. Kd4 f5 1/2-1/2

[Event "Plovdiv Tringov Memorial"]
[Site "Plovdiv"]
[Date "2003.10.15"]
[Round "3"]
[White "Kuzmanov, Stojan"]
[Black "Mladenov, Svetlin"]
[Result "0-1"]
[WhiteElo "2165"]
[BlackElo "2301"]
[PlyCount "78"]
[EventDate "2003.10.13"]
[EventType "swiss"]
[EventRounds "7"]
[EventCountry "BUL"]
[SourceTitle "EXT 2005"]
[Source "ChessBase"]
[SourceDate "2004.11.15"]
[SourceVersion "1"]
[SourceVersionDate "2004.11.15"]
[SourceQuality "1"]

1. Nf3 Nf6 2. b3 g6 3. Bb2 Bg7 4. g3 c5 5. c4 d6 6. Bg2 e5 7. Nc3 0-0 8. 0-0 Nc6 9. Ne1 Be6 10. Nd5 Qd7 11. Nc2 Rae8 12. Nxf6+ Bxf6 13. Ne3 Bg7 14. Bc3 Bh3 15. Rb1 Bxg2 16. Kxg2 f5 17. b4 b6 18. Qa4 Qb7 19. f3 Nd4 20. Rf2 f4 21. Nd5 b5 22. bxc5 Qxd5 23. cxd5 bxa4 24. e3 fxe3 25. dxe3 Nf5 26. e4 Ne3+ 27. Kh3 dxc5 28. Ba5 Nc4 29. Bc7 Rf7 30. Bb8 Bf8 31. Kg2 Bd6 32. Bxd6 Nxd6 33. Rc2 c4 34. Rb4 Rc7 35. Rxa4 Rb8 36. Rc3 Rb2+ 37. Kh3 Kf7 38. Ra6 Rb6 39. Ra4 Kf6 0-1